000 00433nam a2200181Ia 4500
001 20021
005 20260306172735.0
008 260306t1991||||xx |||||||||||||| ||spa||
041 _aESP
082 _a342.211
_bA54
100 _aAcademia Colombiana de Historia
_eAUT
245 0 _aAmnistía internacional
260 _c1991
300 _a73 páginas :
_c24 cm.
650 _aGEN
654 _aCDE
942 _cREV
_dJUS
_fJUS
_2ddc
_n
999 _c20021
_d20021